000
00340nam a2200145 a 4500
005
20140414131944.0
008
110127s19uu xx 00 eng d
050
_a
TR 372.4
_b
R22 2007
245
_a
Reading, Kindergarten.
440
_a
Junior Academic Series
999
_c
112640
_d
112640